01232nam a2200241 a 450000100100000000500170001000800410002704000250006808200250009310000320011824500620015026000380021230000250025059000260027565000680030171000610036991000380043095201230046895201300059195201230072195201290084499900170097300002780520240307073950.0110405s1986 dr 000 0 spa d aDO-SdBNPbspacBNPHU a324.972930021bM737e1 aMonción D., Flavio95488010aEstadísticas electorales de 1986 /cFlavio Monción D. aSanto Domingo :b[s.n.],c[1986]. aiv, 134 p. ;c28 cm. aInventariado, 2018/BT 4aEleccioneszRepública DominicanaxEstadísticasy19869548811 aRepública Dominicana.b Junta Central Electoral964605 aValidado. Control de calidad. MFF 0010718PDaPDbPDcHDd2011-04-05iLF1l0o324.972930021 M737ep27805-10r2020-06-25w2020-06-25yLFPDZNo se presta 0010718PDaPDbPDcHDd2011-05-18iLF1l0o324.972930021 M737ep27805-20r2020-06-25te. 2w2020-06-25yLFPDZNo se presta 001050718RVaPDbPDcHDd2011-04-05iLF1l0o324.972930021 M737ep27806-10r2020-06-25w2020-06-25y1ZNo se presta 001050718RVaPDbPDcCTd2012-05-01iLF1l0o324.972930021 M737ep27806-20r2020-06-25te. 2w2020-06-25y1ZNo se presta c27297d27297